Estadísticas para Goleador de cada seleccion- Mundial 1998

Haz click aquí para intentar la prueba.

Estadísticas generales

  • Esta prueba ha sido intentada 9 veces
  • La puntuación promedio es 13 de 52

Estadísticas de respuestas

SeleccionJugadorG% Correcto
BrasilRonaldo4
100%
FranciaThierry Henry3
100%
ArgentinaGabriel Batistuta5
83%
CroaciaDavor Suker6
67%
MexicoLuis Hernandez4
67%
ItaliaChristian Vieri5
50%
Paises BajosDennis Bergkamp3
50%
EspañaFernando Hierro2
50%
ParaguayJose Cardozo1
50%
AlemaniaJurgen Klinsmann3
50%
ChileMarcelo Salas4
50%
InglaterraMichael Owen2
50%
AlemaniaOliver Bierhoff3
50%
DinamarcaBrian Laudrup2
33%
EspañaFernando Morientes2
33%
NoruegaHavard Flo1
33%
NigeriaTijani Babangida1
33%
NoruegaTore Flo1
33%
InglaterraAlan Shearer2
17%
AustriaAndreas Herzog1
17%
ParaguayCelso Ayala1
17%
EscociaCraig Burley1
17%
NoruegaDan Eggen1
17%
IranHamid Estili1
17%
Corea del SurHa Seok-ju1
17%
AustriaIvica Vastic1
17%
EscociaJohn Collins1
17%
NoruegaKjetil Rekdal1
17%
BelgicaMarc Wilmots1
17%
ParaguayMiguel Benitez1
17%
NigeriaMutiu Adepoju1
17%
CamerunPatrick M'Boma1
17%
MarruecosSalaheddine Bassir1
17%
Arabia SauditaSamir Al-Jaber1
17%
NigeriaSunday Oliseh1
17%
AustriaToni Polster1
17%
NigeriaVictor Ikpeba1
17%
RumaniaViorel Moldovan2
17%
MarruecosAbdeljalil Hadda1
0%
EEUUBrian McBride1
0%
BulgariaEmil Kostadinov1
0%
ColombiaLeider Preciado1
0%
JaponMasashi Nakayama1
0%
IranMehdi Mahdavikia1
0%
CamerunPierre Njanka1
0%
SudafricaShaun Bartlett2
0%
TunezSkander Souayah1
0%
YugoslaviaSlobodan Komljenovic2
0%
JamaicaTheodore Whitmore2
0%
NigeriaWilson Oruma1
0%
Corea del SurYoo Sang-chul1
0%
Arabia SauditaYousuf Al-Thunayan1
0%

Distribución de puntuación

Porcentaje por número respondido

Porcentaje de gente con cada puntuación

Historial de tus puntuaciones

No has intentado esta prueba.